00501nam a2200169Ia 4500003000900000008004100009020001800050040001600068080001700084100002100101245009400122260002800216300001000244650002100254650004100275650001500316IN-BaIIA211028s9999 xx 000 0 eng d a0-354-04370-6 cIIA Library a52(091)bBAL aBalfour, Michael 0aStonehenge and its mysteriescMichael Balfour  aLondonbMacDonaldc1979 a189p. aArchaeoastronomy aAstronomy and astrophysics thesaurus aStonehenge